01757nam a2200445 i 450000100060000000300080000600500170001400600190003100700150005000800410006502000270010602000180013303500230015103500240017403500250019803500210022304000310024405000260027508000060030108200150030724501330032226400660045530000510052133600310057233700330060333800480063650000270068458801530071159001590086460000310102365000210105465000220107565000230109765000320112065500320115270000290118479700190121385600620123299900170129429279FlNmELB20241216220128.0m o d | cr cnu||||||||160226s2015 sp o 011 0 cat d a9788484097594 (e-book) z9788484096559 a(MiAaPQ)EBC4310070 a(Au-PeEL)EBL4310070 a(CaPaEBR)ebr11148478 a(OCoLC)984814240 aFINmELBbspaerdacFINmELB 4aNA1313.G63bE371 2015 a80 a701.0822303aEl gran valor de les lletres i les humanitats :bhomenatge al Dr. Frederic Vila i Tornos /cXimo Company, curador [y otros 3]. 1aL{acute}erida :bEdicions de la Universitat de Lleida,c2015. a1 recurso en l{acute}inea (333 p{acute}aginas) atextobtxt2rdacontent/spa acomputadorabc2rdamedia/spa arecurso en l{acute}ineabcr2rdacarrier/spa aIncluye {acute}indice. aDescripci{acute}on basada en recurso en l{acute}inea; T{acute}itulo de la p{acute}agina del t{acute}itulo en PDF (e-libro, visto February 24, 2016). aRecurso electronico. Santa Fe, Arg. : e-libro, 2016. Disponible via World Wide Web. El acceso puede ser limitado para las bibliotecas afiliadas a e-libro.10aVila i Tornos, Frederic. 0aWriting and art. 4aArte y escritura. 0aHumanitieszSpain. 4aHumanidadeszEspa{tilde}na. 4aLibros electr{acute}onicos.1 aCompany, Ximo,ecurador.2 ae-libro, Corp.40uhttps://elibro.net/ereader/politecnicointernacional/54712 c29279d29279